Letters of the Icelandic alphabet - Statistics

General Stats
  • This quiz has been taken 707 times
  • The average score is 15 of 32
Answer Stats
Letter % Correct
A
100%
B
84%
Á
79%
D
76%
E
67%
Ð
63%
F
61%
É
60%
G
60%
H
59%
I
58%
J
56%
K
55%
Í
54%
L
54%
M
53%
N
52%
O
50%
Ó
46%
P
45%
R
37%
S
37%
T
35%
U
32%
Ú
28%
V
28%
X
21%
Y
19%
Ý
16%
Þ
12%
Æ
9%
Ö
9%
No matching quizzes found
Score Distribution
Percent of People with Each Score
Percentile by Number Answered
Your Score History
You have not taken this quiz